Loading...

Russian journal: with photographs by Robert Capa /

Bibliographic Details
Other Authors: Steinbeck,, John
Format: Printed Book
Language:English
Published: Harmondsworth: Penguin, 1948.
Subjects:
LEADER 00565cam a2200181ua 4500
008 110818t1948||||||||||| 00 ||eng c
041 0 |a eng 
082 |a 947.084  |b STE/R 
245 1 0 |a Russian journal: with photographs by Robert Capa /  
260 |a Harmondsworth:  |b Penguin,  |c 1948. 
300 |a 212p.. 
362 1 |a 1948. 
650 |a History 
650 0 |a Russia 
700 0 2 |a Steinbeck,, John 
942 |c BK 
999 |c 30678  |d 30678 
952 |0 0  |1 0  |4 0  |6 947_084000000000000_STE  |7 0  |9 32520  |a KUCL  |b KUCL  |d 2014-05-23  |l 1  |o 947.084 STE/  |p 27034  |r 2017-03-31  |s 2017-03-31  |w 2014-05-23  |y BK